Science Quiz

Random Science or Geology Quiz

'F' in Science Quiz Stats

Quiz Updated Dec 6, 2016

Also try: 'E' in Science
Challenge
Share
Tweet
Embed
Score 0/20 Timer 05:00
1 Play Today
Question Answer % Correct
What leg bone is the largest bone in the human body?Femur
96%
Yeast, mold, and mushrooms belong to which kingdom of organisms?Fungus
88%
On what temperature scale does water boil at 212 degrees?Fahrenheit
85.4%
What term refers to the preserved remains and traces of organisms from the past?Fossil
84.2%
What medical condition is characterized by damage to skin and tissue due to extreme cold?Frostbite
83.7%
What tubes connect the uterus to the ovaries of mammalian females?Fallopian
82.9%
What entity is measured in Newtons?Force
81.6%
Along what lines are many earthquakes begun?Fault
81%
The nuclear type of what process powers active stars and the hydrogen bomb?Fusion
79.6%
What force always acts against the motion of an object?Friction
71.8%
Question Answer % Correct
The leaves of what species of plants are called fronds?Ferns
67.5%
Toward what point are light rays made to converge?Focus
65.6%
What part of an incandescent light bulb emits light after being heated?Filament
64.4%
What halogen has an atomic number of 9?Fluorine
63.9%
What term loosely refers to the potential reproductive capacity of an individual or population?Fecundity
61.6%
What diagram displays the feeding connections between many organisms in an ecosystem?Food Web
58.5%
What is the surname of the Italian-American who won the 1938 Nobel Prize in Physics?Fermi
45.4%
What location on a phase diagram represents the transition from liquid to solid?Freezing Point
44.1%
What quantity is the inverse of period?Frequency
39.5%
What organelle protrudes from the cell body and is used for locomotion?Flagellum
38.9%

You're not logged in!

Compare scores with friends on all Sporcle quizzes.
Join for Free
OR
Log In

You Might Also Like...

Show Comments

Extras

Top Quizzes Today


Score Distribution

Your Account Isn't Verified!

In order to create a playlist on Sporcle, you need to verify the email address you used during registration. Go to your Sporcle Settings to finish the process.

Report this User

Report this user for behavior that violates our Community Guidelines.

Details: